Structural health monitoring program for a typical fighter aircraft (Record no. 322913)
[ view plain ]
| 000 -LEADER | |
|---|---|
| fixed length control field | 00379 a2200133 4500 |
| 001 - CONTROL NUMBER | |
| control field | 87840 |
| 082 ## - DEWEY DECIMAL CLASSIFICATION NUMBER | |
| Classification number | PR 216 |
| 090 ## - LOCALLY ASSIGNED LC-TYPE CALL NUMBER (OCLC); LOCAL CALL NUMBER (RLIN) | |
| -- | 41302 |
| -- | 41302 |
| 100 ## - MAIN ENTRY--PERSONAL NAME | |
| Personal name | Suhaib Zafar, NUST Cdt 81101 |
| 245 ## - TITLE STATEMENT | |
| Title | Structural health monitoring program for a typical fighter aircraft |
| 260 ## - PUBLICATION, DISTRIBUTION, ETC. | |
| Place of publication, distribution, etc. | Risalpur |
| Name of publisher, distributor, etc. | NUST Risalpur |
| Date of publication, distribution, etc. | 2011 |
| 300 ## - PHYSICAL DESCRIPTION | |
| Extent | xi, 60p. |
| Accompanying material | Abid Ali Khan |
| 500 ## - GENERAL NOTE | |
| General note | BE Project Reports |
| 942 ## - ADDED ENTRY ELEMENTS (KOHA) | |
| Institution code [OBSOLETE] | CAE NUST |
| Call number prefix | PR 216 |
| Withdrawn status | Lost status | Damaged status | Not for loan | Collection code | Permanent Location | Current Location | Date acquired | Total Checkouts | Full call number | Barcode | Date last seen | Price effective from | Koha item type |
|---|---|---|---|---|---|---|---|---|---|---|---|---|---|
| College of Aeronautical Engineering (CAE) | College of Aeronautical Engineering (CAE) | 04/03/2017 | PR 216 | CAEPR-216 | 04/05/2017 | 04/05/2017 | Book |
